00476cam a2200157ua 45000010005000000080039000050400009000440820008000531000038000612450076000992500009001752600044001843000017002286530014002456530059002592921110916n ii |||gr||||Z||||||asm cMAIN a9201 aGoswami, basanta Kumar,eEditor.,11aPandit Hemchandra Goswami jivan aru Kriticed. by Basanta Kumar Goswami a1st. aGuahati:bBasanta kumar goswami,c2011. a369p:c23cm. aBiography aBiography of Pandit Hemchandra Goswami jivan aru Kriti